000 00395cam a22001337a 4500
008 180718b1950 xxu||||| |||| 00| 0 eng d
082 _aW4068x54 In2
100 _aAnantapadmanabhan,C.S.
245 _aTraffic surveys under Indian conditions
_cBy C.S. Anantapadmanabhan
260 _aDelhi
_bManager
_c1950
300 _a75p.
650 _aTraffic surveys
700 _aIndia. Ministry of Transport
999 _c413491
_d413491